[Event "World ol U16"]
[Site "Eindhoven"]
[Date "2023.08.15"]
[Round "5.18"]
[White "Zecha, Oscar"]
[Black "Momyn, Madina"]
[Result "1-0"]
[WhiteElo "1867"]
[BlackElo "1317"]
[PlyCount "51"]
[EventDate "2023.08.13"]
[EventType "team-swiss"]
[EventRounds "9"]
[EventCountry "NED"]
[SourceTitle "CBM 215 Extra"]
[Source "ChessBase"]
[SourceDate "2023.09.30"]
[SourceVersion "1"]
[SourceVersionDate "2023.09.30"]
[SourceQuality "1"]
[WhiteTeam "Netherlands III"]
[BlackTeam "Kazakhstan III"]
[WhiteTeamCountry "NED"]
[BlackTeamCountry "KAZ"]

1. e4 c6 2. d4 d5 3. e5 c5 4. c3 Nc6 5. a3 Qc7 6. Bf4 cxd4 7. cxd4 Qb6 8. Nc3 e6 9. Nf3 Nge7 10. Bd3 Bd7 11. Be3 Ng6 12. h4 a6 13. h5 Ngxe5 14. dxe5 d4 15. Na4 Qa7 16. Nxd4 Nxd4 17. Be4 Rd8 18. Bxd4 Qb8 19. Qb3 f5 20. exf6 Qf4 21. Nc3 gxf6 22. Be3 Qe5 23. 0-0-0 Rc8 24. Bf3 b5 25. Kb1 a5 26. Ne4 1-0

[Event "World ol U16"]
[Site "Eindhoven"]
[Date "2023.08.14"]
[Round "3.20"]
[White "Zecha, Oscar"]
[Black "Fan, Chloe"]
[Result "0-1"]
[WhiteElo "1867"]
[BlackElo "1782"]
[PlyCount "96"]
[EventDate "2023.08.13"]
[EventType "team-swiss"]
[EventRounds "9"]
[EventCountry "NED"]
[SourceTitle "CBM 215 Extra"]
[Source "ChessBase"]
[SourceDate "2023.09.30"]
[SourceVersion "1"]
[SourceVersionDate "2023.09.30"]
[SourceQuality "1"]
[WhiteTeam "Netherlands III"]
[BlackTeam "Australia II"]
[WhiteTeamCountry "NED"]
[BlackTeamCountry "AUS"]

1. d4 d5 2. c4 c6 3. Nf3 Nf6 4. e3 a6 5. Qb3 e6 6. Nc3 dxc4 7. Bxc4 b5 8. Be2 Nbd7 9. 0-0 Bb7 10. a4 Be7 11. Rd1 0-0 12. Bd2 Qb6 13. Rdc1 b4 14. a5 Qc7 15. Na4 Qxa5 16. Nc5 Nxc5 17. dxc5 Qc7 18. Bxb4 Rfb8 19. Ba5 Bc8 20. Qa4 Qb7 21. Ne5 Bd7 22. Nxd7 Qxd7 23. Rd1 Qe8 24. Qc2 Qc8 25. Ra4 Nd5 26. e4 Nf4 27. Bf1 e5 28. Bc3 Qg4 29. Bxe5 Nh3+ 30. Kh1 Qxd1 31. Qc4 Nxf2+ 32. Kg1 Rd8 33. Kxf2 Bxc5+ 34. Kg3 Qe1+ 35. Kg4 Be7 36. g3 Qd1+ 37. Be2 Qd7+ 38. Kf3 Bd6 39. Bxd6 Qxd6 40. Rxa6 Rxa6 41. Qxa6 Qf6+ 42. Kg2 Qxb2 43. Kh3 g6 44. Bc4 Rd2 45. Qc8+ Kg7 46. Qc7 Rxh2+ 47. Kg4 h5+ 48. Kf4 Rf2+ 0-1

[Event "NED-ch U14"]
[Site "Almelo"]
[Date "2023.05.04"]
[Round "6"]
[White "Zecha, Oscar"]
[Black "Zhu, Chenwu"]
[Result "1/2-1/2"]
[WhiteElo "1879"]
[BlackElo "2052"]
[PlyCount "73"]
[EventDate "2023.04.30"]
[EventType "swiss"]
[EventRounds "9"]
[EventCountry "NED"]
[SourceTitle "CBM 214 Extra"]
[Source "ChessBase"]
[SourceDate "2023.07.31"]
[SourceVersion "1"]
[SourceVersionDate "2023.07.31"]
[SourceQuality "1"]

1. d4 d5 2. c4 e6 3. Nf3 Nf6 4. g3 c5 5. cxd5 Nxd5 6. Bg2 cxd4 7. 0-0 Bc5 8. a3 0-0 9. b4 Be7 10. Bb2 Bd7 11. Nxd4 Nc6 12. Qb3 Bf6 13. Rd1 Nxd4 14. Bxd4 Bxd4 15. Rxd4 Qb6 16. e3 Bc6 17. Nd2 Nf6 18. Nc4 Qc7 19. Bxc6 Qxc6 20. Rad1 Qc7 21. Qd3 Rac8 22. Nd6 Ra8 23. Nb5 Qe5 24. Rc1 b6 25. Rc7 a6 26. Nd6 Nd5 27. Rc6 b5 28. e4 Ne7 29. Rc7 Nd5 30. Rxf7 Qxd6 31. Rxf8+ Rxf8 32. exd5 exd5 33. Rxd5 Qf6 34. Qe3 h6 35. Rd4 Kh8 36. Kg2 Qc6+ 37. Qe4 1/2-1/2

[Event "Hoogeveen op 25th"]
[Site "Hoogeveen"]
[Date "2022.10.20"]
[Round "7"]
[White "Bollaart, Jeroen"]
[Black "Zecha, Oscar"]
[Result "0-1"]
[WhiteElo "1937"]
[BlackElo "1854"]
[PlyCount "80"]
[EventDate "2022.10.15"]
[EventType "swiss"]
[EventRounds "9"]
[EventCountry "NED"]
[SourceTitle "CBM 210 Extra"]
[Source "ChessBase"]
[SourceDate "2022.11.30"]
[SourceVersion "1"]
[SourceVersionDate "2022.11.30"]
[SourceQuality "1"]

1. e4 e5 2. f4 d5 3. exd5 exf4 4. Nf3 Nf6 5. Bb5+ c6 6. dxc6 Nxc6 7. d4 Bd6 8. 0-0 Be6 9. c3 0-0 10. Nbd2 h6 11. Nc4 Bc7 12. Nce5 Nxe5 13. dxe5 Nd5 14. Qe2 g5 15. Qe4 f5 16. exf6 Qxf6 17. Nd4 Bb6 18. Re1 Bf7 19. Bd2 Rad8 20. Kh1 Bxd4 21. cxd4 Qb6 22. Qd3 Nc7 23. Ba4 Qxd4 24. Qc2 Qxd2 25. Qxc7 Bd5 26. Qc2 Bxg2+ 27. Kg1 Qxc2 28. Bxc2 Bd5 29. Red1 Kg7 30. Rd2 Bc6 31. Rad1 Rxd2 32. Rxd2 Re8 33. Kf2 Re3 34. Rd6 Bb5 35. Rd2 Kf6 36. a4 Bc6 37. Rd6+ Re6 38. Rd8 Ke7 39. Rd4 Rd6 40. Rc4 Rd2+ 0-1

[Event "Hoogeveen op 25th"]
[Site "Hoogeveen"]
[Date "2022.10.18"]
[Round "4"]
[White "Slagboom, Leandro"]
[Black "Zecha, Oscar"]
[Result "1-0"]
[WhiteElo "2117"]
[BlackElo "1854"]
[PlyCount "83"]
[EventDate "2022.10.15"]
[EventType "swiss"]
[EventRounds "9"]
[EventCountry "NED"]
[SourceTitle "CBM 210 Extra"]
[Source "ChessBase"]
[SourceDate "2022.11.30"]
[SourceVersion "1"]
[SourceVersionDate "2022.11.30"]
[SourceQuality "1"]

1. e4 e5 2. Nf3 Nc6 3. d4 exd4 4. Nxd4 Bc5 5. Nb3 Bb6 6. Nc3 Nf6 7. Qe2 0-0 8. Bg5 Nd4 9. Qd2 Nxb3 10. axb3 h6 11. Be3 Bxe3 12. Qxe3 Re8 13. 0-0-0 Qe7 14. f3 c6 15. Qd4 b5 16. Bd3 a5 17. Rhe1 Nh7 18. e5 Nf8 19. f4 a4 20. b4 a3 21. bxa3 Rxa3 22. Kb2 Ra6 23. f5 Bb7 24. Re2 Rea8 25. Ne4 Ra2+ 26. Kc3 R8a4 27. Nc5 R4a3+ 28. Kd2 Qg5+ 29. Ke1 Bc8 30. Kf2 Qh5 31. h4 g5 32. Rh1 g4 33. g3 Ra7 34. Kg2 d6 35. Ne4 Nh7 36. Nxd6 Bd7 37. e6 fxe6 38. fxe6 c5 39. exd7 cxd4 40. d8Q+ Nf8 41. Rf1 Ra8 42. Rxf8+ 1-0

[Event "NED-ch U14"]
[Site "Almelo"]
[Date "2022.05.05"]
[Round "6"]
[White "Zecha, Oscar"]
[Black "Arnold, Rhys"]
[Result "1-0"]
[WhiteElo "1826"]
[BlackElo "1846"]
[PlyCount "123"]
[EventDate "2022.05.01"]
[EventType "swiss"]
[EventRounds "9"]
[EventCountry "NED"]
[SourceTitle "EXT 2023"]
[Source "ChessBase"]
[SourceDate "2022.10.05"]
[SourceVersion "1"]
[SourceVersionDate "2022.10.05"]
[SourceQuality "1"]

1. d4 d5 2. c4 c6 3. Nf3 Nf6 4. e3 e6 5. b3 Nbd7 6. Bd3 Bd6 7. Bb2 dxc4 8. Bxc4 Qc7 9. h3 0-0 10. 0-0 b6 11. Nbd2 Bb7 12. Rc1 Rad8 13. Qc2 e5 14. Bd3 exd4 15. Nxd4 Ne5 16. Be2 Nd5 17. a3 Rfe8 18. N2f3 Rc8 19. Nf5 Nxf3+ 20. Bxf3 Be5 21. Bxd5 cxd5 22. Qxc7 Bxc7 23. Nxg7 Red8 24. Nf5 Bd6 25. Rxc8 Bxc8 26. Nxd6 Rxd6 27. Rc1 Rd8 28. Bf6 Re8 29. Rc7 a6 30. Rc6 b5 31. Rd6 Bb7 32. Rd7 Bc8 33. Rxd5 h6 34. h4 Be6 35. Rd3 h5 36. b4 Kh7 37. Rd6 Ra8 38. e4 a5 39. f4 axb4 40. axb4 Bc4 41. f5 Re8 42. Rd7 Rg8 43. Kf2 Rg4 44. g3 Rg8 45. e5 Kh6 46. Bg5+ Rxg5 47. hxg5+ Kxg5 48. Rc7 Kxf5 49. Rc5 Ke4 50. e6 fxe6 51. Rxh5 e5 52. Rh3 Kf5 53. Ke3 Bf1 54. Rh5+ Kf6 55. Rh8 Bc4 56. Ke4 Be2 57. Re8 Kg5 58. Kxe5 Kg4 59. Rg8+ Kf3 60. Kd4 Bc4 61. Rg7 Ke2 62. Kc5 1-0

[Event "NED-ch U14"]
[Site "Almelo"]
[Date "2022.05.02"]
[Round "2"]
[White "Zecha, Oscar"]
[Black "Kazarjan, Gachatur"]
[Result "1/2-1/2"]
[WhiteElo "1826"]
[BlackElo "1661"]
[PlyCount "48"]
[EventDate "2022.05.01"]
[EventType "swiss"]
[EventRounds "9"]
[EventCountry "NED"]
[SourceTitle "EXT 2023"]
[Source "ChessBase"]
[SourceDate "2022.10.05"]
[SourceVersion "1"]
[SourceVersionDate "2022.10.05"]
[SourceQuality "1"]

1. d4 Nf6 2. c4 e6 3. Nf3 d5 4. g3 c5 5. cxd5 exd5 6. Bg2 Nc6 7. 0-0 Be7 8. dxc5 Bxc5 9. a3 a5 10. Bg5 Be7 11. Nc3 Be6 12. Rc1 Ne4 13. Bxe7 Nxc3 14. Bxd8 Nxd1 15. Rfxd1 Rxd8 16. Nd4 Nxd4 17. Rxd4 0-0 18. Rcd1 Rd6 19. e4 Rc8 20. exd5 Bd7 21. h4 b5 22. R1d2 g6 23. Re2 Kf8 24. Rdd2 Bf5 1/2-1/2

[Event "EU-ch Hybrid U10"]
[Site "Tornelo INT"]
[Date "2021.10.15"]
[Round "7"]
[White "Besou, Hussain"]
[Black "Zecha, Oscar"]
[Result "1-0"]
[WhiteElo "1995"]
[BlackElo "1612"]
[PlyCount "65"]
[EventDate "2021.10.15"]
[EventType "swiss"]
[EventRounds "9"]
[EventCountry "NET"]
[SourceTitle "EXT 2023"]
[Source "ChessBase"]
[SourceDate "2022.10.05"]
[SourceVersion "1"]
[SourceVersionDate "2022.10.05"]
[SourceQuality "1"]
[WhiteTeam "Germany"]
[BlackTeam "Netherlands"]
[WhiteTeamCountry "GER"]
[BlackTeamCountry "NED"]

1. e4 c5 2. Nf3 d6 3. d4 cxd4 4. Nxd4 Nf6 5. Nc3 a6 6. Bg5 Nbd7 7. f4 Qc7 8. Qf3 b5 9. 0-0-0 Bb7 10. Bd3 Qb6 11. Bxf6 Nxf6 12. Nd5 Nxd5 13. exd5 g6 14. Rhe1 Bg7 15. Nc6 Bxc6 16. dxc6 Rc8 17. Be4 0-0 18. f5 a5 19. h4 a4 20. h5 b4 21. hxg6 fxg6 22. Qd3 Kh8 23. Bd5 Rxf5 24. Rxe7 Re5 25. Qh3 Rf8 26. Rxe5 Bxe5 27. Rh1 h5 28. Qe6 Qe3+ 29. Kb1 b3 30. Qxg6 bxc2+ 31. Qxc2 Kg7 32. c7 Qc5 33. Be6 1-0

[Event "EU-ch Hybrid U10"]
[Site "Tornelo INT"]
[Date "2021.10.15"]
[Round "9"]
[White "Surikov, Alexey"]
[Black "Zecha, Oscar"]
[Result "0-1"]
[WhiteElo "1548"]
[BlackElo "1612"]
[PlyCount "108"]
[EventDate "2021.10.15"]
[EventType "swiss"]
[EventRounds "9"]
[EventCountry "NET"]
[SourceTitle "EXT 2023"]
[Source "ChessBase"]
[SourceDate "2022.10.05"]
[SourceVersion "1"]
[SourceVersionDate "2022.10.05"]
[SourceQuality "1"]
[WhiteTeam "Russia"]
[BlackTeam "Netherlands"]
[WhiteTeamCountry "RUS"]
[BlackTeamCountry "NED"]

1. Nf3 Nf6 2. c4 e6 3. g3 d5 4. d4 dxc4 5. Bg2 Bb4+ 6. Bd2 a5 7. a3 Bxd2+ 8. Nbxd2 b5 9. a4 c6 10. 0-0 0-0 11. Qc2 Na6 12. b3 Nb4 13. Qc1 cxb3 14. Nxb3 bxa4 15. Rxa4 Ba6 16. Qb2 Bb5 17. Ra3 Nd7 18. Nxa5 Rxa5 19. Qxb4 Rxa3 20. Qxa3 Bxe2 21. Rc1 Bb5 22. Qc3 Nb6 23. Ne5 Nd5 24. Qc5 Ne7 25. g4 f6 26. Nxc6 Nxc6 27. Bxc6 Bxc6 28. Qxc6 Re8 29. Re1 Kf7 30. Qe4 g6 31. Ra1 Re7 32. Qe3 Kg7 33. g5 Qd5 34. gxf6+ Kxf6 35. f4 Rd7 36. Rd1 Rg7 37. Qe5+ Qxe5 38. fxe5+ Kf5 39. Kf2 Ke4 40. h4 Rd7 41. Re1+ Kf4 42. Rd1 Rd5 43. h5 gxh5 44. Rh1 Kg4 45. Ke3 h4 46. Rg1+ Kh5 47. Rg7 h6 48. Rg1 h3 49. Rd1 Kg4 50. Kf2 Ra5 51. Rd2 Ra1 52. Rd3 h2 53. Rg3+ Kh4 54. Rg6 Kh5 0-1

[Event "NED-ch U14"]
[Site "Almelo"]
[Date "2021.08.06"]
[Round "8"]
[White "Zecha, Oscar"]
[Black "De Winter, Arthur"]
[Result "0-1"]
[WhiteElo "1650"]
[BlackElo "2000"]
[PlyCount "106"]
[EventDate "2021.08.01"]
[EventType "swiss"]
[EventRounds "9"]
[EventCountry "NED"]
[SourceTitle "EXT 2022"]
[Source "ChessBase"]
[SourceDate "2021.10.06"]
[SourceVersion "1"]
[SourceVersionDate "2021.10.06"]
[SourceQuality "1"]

1. d4 Nf6 2. c4 g6 3. g3 Bg7 4. Bg2 0-0 5. Nc3 d6 6. Nf3 Nbd7 7. 0-0 e5 8. e4 exd4 9. Nxd4 Re8 10. Bf4 Nc5 11. Re1 Ne6 12. Be3 Nxd4 13. Bxd4 Be6 14. c5 dxc5 15. Bxc5 Nd7 16. Be3 Ne5 17. Bf4 c6 18. Qc2 Qd3 19. Qe2 Bg4 20. Qe3 Qxe3 21. Rxe3 Nc4 22. Ree1 Nxb2 23. Rec1 Rad8 24. h3 Be6 25. Rab1 Nd3 26. Rc2 b6 27. a4 Rd4 28. Be3 Rc4 29. Bf1 Rxc3 30. Rxc3 Bxc3 31. Bxd3 Rd8 32. Bf1 c5 33. Kh2 Kf8 34. Bb5 Ke7 35. Kg2 Bd2 36. Bxd2 Rxd2 37. Rc1 Kf6 38. h4 Ke5 39. Kf3 Kd4 40. Kg2 c4 41. Kf1 c3 42. Ke1 Bc4 43. Bc6 Re2+ 44. Kd1 Rxf2 45. a5 Rf1+ 46. Kc2 Bd3+ 47. Kb3 Rxc1 48. axb6 Rb1+ 49. Ka4 Rxb6 50. Bd5 c2 51. h5 c1Q 52. Ba2 Qb2 53. hxg6 Qb4# 0-1

[Event "NED-ch U14"]
[Site "Almelo"]
[Date "2021.08.04"]
[Round "5"]
[White "Verheij, Dana"]
[Black "Zecha, Oscar"]
[Result "0-1"]
[WhiteElo "1931"]
[BlackElo "1650"]
[PlyCount "116"]
[EventDate "2021.08.01"]
[EventType "swiss"]
[EventRounds "9"]
[EventCountry "NED"]
[SourceTitle "EXT 2022"]
[Source "ChessBase"]
[SourceDate "2021.10.06"]
[SourceVersion "1"]
[SourceVersionDate "2021.10.06"]
[SourceQuality "1"]

1. e4 c5 2. c3 d5 3. exd5 Qxd5 4. d4 Nc6 5. Nf3 Bg4 6. dxc5 Qxd1+ 7. Kxd1 e6 8. b4 a5 9. a3 axb4 10. cxb4 Nxb4 11. Bb5+ Nc6 12. Be3 0-0-0+ 13. Nbd2 Nf6 14. Ke2 Nd5 15. Rhc1 g6 16. Bxc6 bxc6 17. Bd4 Nf4+ 18. Kf1 Rg8 19. Rab1 Bf5 20. Rb6 Bd3+ 21. Ke1 Ne2 22. Rxc6+ Kb7 23. Rb6+ Ka8 24. Bf6 Nxc1 25. Bxd8 Bxc5 26. Rc6 Bb5 27. Rc8+ Kb7 28. Rc7+ Kb8 29. Ne5 Bxa3 30. Nd7+ Bxd7 31. Rxd7 Kc8 32. Ra7 Bc5 33. Ra5 Nd3+ 34. Ke2 Rxd8 35. Ra8+ Kc7 36. Rxd8 Kxd8 37. Kxd3 Bxf2 38. Ne4 Bh4 39. Kd4 f5 40. Nd2 Ke7 41. Nf3 Bf2+ 42. Ke5 Bc5 43. h3 Bd6+ 44. Kd4 Kf6 45. Ke3 e5 46. g4 h6 47. gxf5 gxf5 48. Ne1 e4 49. Ng2 Ke5 50. Ne1 f4+ 51. Kf2 Bc5+ 52. Kg2 Bb4 53. Nf3+ exf3+ 54. Kxf3 Kf5 55. h4 Bd2 56. h5 Bb4 57. Kg2 Kg4 58. Kh1 Kxh5 0-1

[Event "NED-ch U14"]
[Site "Almelo"]
[Date "2021.08.03"]
[Round "4"]
[White "Zecha, Oscar"]
[Black "Ponomarev, Ivan"]
[Result "1-0"]
[WhiteElo "1650"]
[BlackElo "1723"]
[PlyCount "65"]
[EventDate "2021.08.01"]
[EventType "swiss"]
[EventRounds "9"]
[EventCountry "NED"]
[SourceTitle "EXT 2022"]
[Source "ChessBase"]
[SourceDate "2021.10.06"]
[SourceVersion "1"]
[SourceVersionDate "2021.10.06"]
[SourceQuality "1"]

1. d4 Nf6 2. c4 e6 3. Nf3 Bb4+ 4. Bd2 a5 5. g3 d5 6. Bg2 0-0 7. 0-0 b6 8. Nc3 Bb7 9. Ne5 Nc6 10. Bg5 Bxc3 11. bxc3 h6 12. Bxf6 Qxf6 13. Nd7 Qf5 14. Nxf8 Rxf8 15. Rb1 Ba6 16. cxd5 exd5 17. Re1 Re8 18. Rb2 Bc4 19. Rd2 Na7 20. Qc2 Qd7 21. e4 c6 22. Rdd1 Nc8 23. h4 dxe4 24. Bxe4 Nd6 25. Bg2 Rxe1+ 26. Rxe1 b5 27. Re5 a4 28. Rc5 Qe6 29. Rxc6 Bxa2 30. Rxd6 Qxd6 31. Qxa2 b4 32. Qxa4 bxc3 33. Qe8+ 1-0

[Event "Wch FIDE Online U10 Europe qual"]
[Site "Tornelo INT"]
[Date "2020.12.08"]
[Round "4"]
[White "Shilon Rahav, Eliran"]
[Black "Zecha, Oscar"]
[Result "1-0"]
[WhiteElo "1237"]
[BlackElo "1566"]
[PlyCount "115"]
[EventDate "2020.12.07"]
[EventType "swiss (rapid)"]
[EventRounds "7"]
[EventCountry "ISS"]
[SourceTitle "EXT 2022"]
[Source "ChessBase"]
[SourceDate "2021.10.06"]
[SourceVersion "1"]
[SourceVersionDate "2021.10.06"]
[SourceQuality "1"]

1. e4 c5 2. c3 d5 3. exd5 Qxd5 4. d4 Nc6 5. Nf3 Nf6 6. Be2 e6 7. 0-0 Be7 8. Be3 cxd4 9. cxd4 0-0 10. Nc3 Qd7 11. Qd2 b6 12. a3 Bb7 13. Rac1 Rac8 14. Rfd1 Rfd8 15. h3 Na5 16. Ne5 Qd6 17. Qd3 Nd7 18. Ng4 e5 19. dxe5 Qxd3 20. Bxd3 h5 21. Bf5 Rc7 22. Nd5 Rxc1 23. Nxe7+ Kf8 24. Bxc1 Kxe7 25. Bg5+ f6 26. exf6+ gxf6 27. Nxf6 Nxf6 28. Bxf6+ Kxf6 29. Rxd8 Kxf5 30. b4 Nc4 31. Rd7 Be4 32. Rxa7 Kg5 33. a4 Bc2 34. a5 bxa5 35. bxa5 Be4 36. a6 Kf6 37. Rc7 Nb6 38. a7 Bd5 39. f3 Na8 40. Rc5 Bf7 41. Kf2 Ke7 42. Ke3 Kd6 43. Rf5 Be8 44. g4 hxg4 45. fxg4 Ke6 46. h4 Bc6 47. h5 Nc7 48. h6 Nd5+ 49. Rxd5 Bxd5 50. h7 Ke7 51. h8Q Kd6 52. g5 Ke7 53. Qe5+ Be6 54. a8Q Kf7 55. Qf3+ Ke7 56. Qff6+ Kd7 57. Qfxe6+ Kd8 58. Q5d6# 1-0

[Event "Wch FIDE Online U10 Europe qual"]
[Site "Tornelo INT"]
[Date "2020.12.08"]
[Round "5"]
[White "Zecha, Oscar"]
[Black "Rajandu, Aaron"]
[Result "0-1"]
[WhiteElo "1566"]
[BlackElo "1117"]
[PlyCount "114"]
[EventDate "2020.12.07"]
[EventType "swiss (rapid)"]
[EventRounds "7"]
[EventCountry "ISS"]
[SourceTitle "EXT 2022"]
[Source "ChessBase"]
[SourceDate "2021.10.06"]
[SourceVersion "1"]
[SourceVersionDate "2021.10.06"]
[SourceQuality "1"]

1. d4 d5 2. c4 e6 3. Nc3 Nf6 4. cxd5 exd5 5. Bg5 Be7 6. e3 0-0 7. Bd3 h6 8. Bh4 Nc6 9. a3 a6 10. Nf3 Bg4 11. 0-0 Bd6 12. h3 Be6 13. e4 dxe4 14. Nxe4 Be7 15. Nxf6+ Bxf6 16. Bxf6 Qxf6 17. Be4 Rfd8 18. d5 Ne7 19. Qc2 Nxd5 20. Bxd5 Bxd5 21. Qxc7 Bxf3 22. gxf3 Qxf3 23. Rae1 Qxh3 24. Re7 Rf8 25. Qxb7 Rab8 26. Qxa6 Qg4+ 27. Kh1 Qh4+ 28. Kg1 Qxe7 29. b4 Ra8 30. Qd3 Rfd8 31. Qb3 Rd4 32. Rb1 Qg5+ 33. Kf1 Rd2 34. Rb2 Rad8 35. b5 Qf4 36. Rxd2 Rxd2 37. Qe3 Qxe3 38. fxe3 Ra2 39. b6 Rxa3 40. b7 Rb3 41. Ke2 Rxb7 42. e4 Kf8 43. Ke3 Ke7 44. Kd4 Kd6 45. e5+ Ke6 46. Ke4 Rb4+ 47. Ke3 Kxe5 48. Kd3 f5 49. Kc3 Rd4 50. Kc2 f4 51. Kc3 f3 52. Kc2 f2 53. Kc1 f1Q+ 54. Kc2 Qd3+ 55. Kb2 Rb4+ 56. Ka2 Qb3+ 57. Ka1 Ra4# 0-1